Figure Out the Lyrics: Boy Band Edition Quiz Stats

 Plays Quiz Updated May 13, 2013

Challenge
Share
Tweet
Embed
Score 0/268 Timer 07:00
9 Plays Today
% Correct
The
98.6%
a
98.6%
a
98.6%
a
98.6%
a
98.6%
the
98.6%
the
98.6%
The
98.6%
a
98.6%
a
98.6%
a
98.6%
a
98.6%
a
98.6%
a
98.6%
I
97.6%
I
97.6%
I
97.6%
I
97.6%
I
97.6%
I
97.6%
I
97.6%
I
97.6%
I
97.6%
I
97.6%
I
97.6%
I
97.6%
I
97.6%
I
97.6%
I
97.6%
I
97.6%
I
97.6%
I
97.6%
I
97.6%
You
95.3%
you
95.3%
you
95.3%
you
95.3%
you
95.3%
You
95.3%
You
95.3%
You
95.3%
you
95.3%
you
95.3%
you
95.3%
you
95.3%
you
95.3%
you
95.3%
you
95.3%
you
95.3%
you
95.3%
are
86.8%
are
86.8%
are
86.8%
are,
86.8%
are,
86.8%
are,
86.8%
are
86.8%
me
86.3%
me
86.3%
me
86.3%
me
86.3%
me
86.3%
me
86.3%
me...
86.3%
me
86.3%
me
86.3%
me
86.3%
me
86.3%
me
86.3%
it
83.8%
it
83.8%
it
83.8%
it
83.8%
it
83.8%
it
83.8%
it
83.8%
it
83.8%
it
83.8%
it
83.8%
that
82%
that
82%
That
82%
that
82%
that
82%
that
82%
that
82%
That
82%
that
82%
that
82%
that
82%
% Correct
that
82%
that
82%
my
81.5%
my
81.4%
want
80.4%
want
80.4%
want
80.4%
want
80.4%
want
80.4%
want
80.4%
want
80.4%
want
80.4%
want
80.4%
want
80.4%
one
78.9%
one
78.9%
one
78.9%
to
78.2%
to
78.2%
to
78.2%
be,
77.2%
No
77.1%
we
77%
way
76.5%
way
76.4%
way
76.4%
way
76.4%
way
76.4%
way
76.4%
way
76.4%
way
76.4%
way
76.4%
way
76.4%
hear
75.8%
hear
75.8%
hear
75.8%
hear
75.8%
hear
75.8%
hear
75.8%
hear
75.8%
hear
75.8%
hear
75.8%
say
73.8%
say
73.8%
say
73.8%
say
73.8%
say
73.8%
say)
73.8%
say
73.8%
say
73.8%
say)
73.8%
say
73.8%
say)
73.8%
why
73.1%
why
73.1%
why
73.1%
why
73.1%
why
73.1%
why
73.1%
why
73.1%
why
73.1%
why
73.1%
why
73.1%
why
73.1%
But
72.1%
but
72.1%
but
72.1%
But
72.1%
but
72.1%
but
72.1%
but
72.1%
but
72.1%
but
72.1%
but
72.1%
but
72.1%
but
72.1%
heart
71.8%
when
69.5%
When
69.5%
Tell
69.5%
Tell
69.5%
Tell
69.5%
Tell
69.5%
Tell
69.5%
Tell
69.5%
Tell
69.5%
Tell
69.5%
Tell
69.5%
Tell
69.5%
Tell
69.5%
% Correct
your
68.5%
your
68.5%
Your
68.5%
can
68.3%
nothin'
66.5%
nothin'
66.5%
nothin'
66.5%
nothin'
66.5%
nothin'
66.5%
nothin'
66.5%
nothin'
66.5%
nothin'
66.5%
nothin'
66.5%
nothin'
66.5%
desire
65.6%
desire
65.6%
desire
65.6%
fire
65.4%
fire
65.4%
fire
65.4%
never
65.3%
never
65.3%
never
65.3%
never
65.3%
never
65.3%
Ain't
65.1%
Ain't
65.1%
Ain't
65.1%
Ain't
65.1%
Ain't
65.1%
Ain't
65.1%
Ain't
65.1%
Ain't
65.1%
Ain't
65.1%
Ain't
65.1%
wanna
62.8%
wanna
62.8%
wanna
62.8%
wanna
62.8%
wanna
62.8%
wanna
62.8%
wanna
62.8%
wanna
62.8%
wanna
62.8%
mistake
60.6%
mistake
60.6%
mistake
60.6%
mistake
60.6%
mistake
60.6%
heartache
59.7%
heartache
59.7%
heartache
59.7%
heartache
59.7%
heartache
59.7%
Am
58.3%
know
56.6%
know
56.6%
(don't
54.4%
(don't
54.4%
(don't
54.4%
Don't
54.4%
two
53.5%
of
53.4%
see
52.7%
Can't
51.7%
apart
51.3%
apart
51.3%
Believe
49.9%
too
49.2%
worlds
47.6%
from
45.9%
we're
45.9%
it's
44.6%
Now
43.7%
yeah
38.9%
yeah)
38.9%
down
38.5%
'Cause
38%
late
37.6%
reach
37.6%
used
37.2%
Yes
37.1%
(oh,
37%
inside
35.7%
deep
35.2%
falling
35%
matter
34.9%
distance
33.8%

You're not logged in!

Compare scores with friends on all Sporcle quizzes.
Join for Free
OR
Log In

You Might Also Like...

Show Comments

Extras

Top Quizzes Today


Score Distribution

Your Account Isn't Verified!

In order to create a playlist on Sporcle, you need to verify the email address you used during registration. Go to your Sporcle Settings to finish the process.

Report this User

Report this user for behavior that violates our Community Guidelines.

Details: